| 000 | 02022nam a2200289Ia 4500 | ||
|---|---|---|---|
| 999 |
_c51570 _d51570 |
||
| 001 | 18561 | ||
| 003 | GE_BSU | ||
| 005 | 20250311162516.0 | ||
| 008 | 181216s2016||||ge |||||||||||||| ||geo|| | ||
| 020 | _a9789941243752 | ||
| 040 | _cGE_BSU | ||
| 041 | _ageo | ||
| 080 | _a27-36 წ-71 | ||
| 245 |
_aწმინდა დიონისე არეოპაგელი ; IV-V საუკუნეების ასკეტი მამები და მოსაგრე დედები / _cშემდგენელი სოფიო თავაძე ; გარეკანის დიზაინი რატი თორდია. ს |
||
| 264 |
_aთბილისი ; _bპალიტრა L, _c2016. |
||
| 300 |
_a153 გვ. ; _c20 სმ. |
||
| 490 |
_aსაქართველოს იმედი II : ყველა წმინდანი, რომელთა შესახებაც უნდა იცოდე, 2298-0547 / პროექტის რედაქტორი თამარ მამაცაშვილი ; _vწიგნი 53 |
||
| 500 | _aიბეჭდება სრ. საქართველოს კათოლიკოს-პატრიარქის, უწმინდესისა და უნეტარესის ილია II-ის ლოცვა-კურთხევით | ||
| 504 | _aბიბლიოგრ. : გვ. 152 | ||
| 541 | _h2 ლ. | ||
| 653 | _aწმინდა დიონისე არეოპაგელი | ||
| 653 | _a IV-V საუკუნეების ასკეტი მამები და მოსაგრედედები | ||
| 700 |
_aთავაძე, სოფიო _d _eშემდგენელი _924516 |
||
| 700 |
_aმამაცაშვილი, თამარ _eპროექტის რედაქტორი _924517 |
||
| 700 |
_aთორდია, რატი _eდიზაინერი _917902 |
||
| 942 |
_cBK _2udc |
||